Prispôsobovanie podnikateľských stratégií malých a stredných firiem v regiónoch SR ako reakcia na dôsledky finančnej krízy v období globalizácie

Dôvody pre zmenu podnikateľských stratégií malých a stredných firiem. Význam budovania klastrov a doterajšie skúsenosti z ich fungovania. Úloha klastrov v regionálnom rozvoji. Zdôvodnenie potreby nových podnikateľských stratégií firiem v SR. Náčrt postupu pri tvorbe klastrov.

Salvato in:
Dettagli Bibliografici
Autore principale: Knapik, Peter
Natura: Capitolo di libro
Lingua:slovacco
Soggetti:
Tags: Aggiungi Tag
Nessun Tag, puoi essere il primo ad aggiungerne!!

MARC

LEADER 00000naa$a2200000$$$4500
001 0096966
005 20240611113323.0
041 0 |a slo 
044 |a SK 
245 1 0 |a Prispôsobovanie podnikateľských stratégií malých a stredných firiem v regiónoch SR ako reakcia na dôsledky finančnej krízy v období globalizácie  |c Peter Knapik 
520 |a Dôvody pre zmenu podnikateľských stratégií malých a stredných firiem. Význam budovania klastrov a doterajšie skúsenosti z ich fungovania. Úloha klastrov v regionálnom rozvoji. Zdôvodnenie potreby nových podnikateľských stratégií firiem v SR. Náčrt postupu pri tvorbe klastrov. 
610 2 0 |a stratégia podnikateľská 
610 2 0 |a Slovensko 
610 2 0 |a podnik stredný 
610 2 0 |a konkurencieschopnosť 
610 2 0 |a politika regionálna 
610 2 0 |a klaster 
610 2 0 |a kríza finančná 
100 1 |a Knapik, Peter